Rozšírená socialistická reprodukce a intenzifikace národního hospodářství

Gespeichert in:
Bibliographische Detailangaben
Format: Buch
Sprache:Tschechisch
Veröffentlicht: Praha Ústřední ústav národohospodářského výzkumu 1985
Tags: Tag hinzufügen
Keine Tags, Fügen Sie das erste Tag hinzu!

MARC

LEADER 00000nam a2200000 4500
001 c104300
005 20041019155131.6
041 0 |a cze 
044 |a CZ 
245 1 0 |a Rozšírená socialistická reprodukce a intenzifikace národního hospodářství 
264 1 |a Praha  |b Ústřední ústav národohospodářského výzkumu  |c 1985 
300 |a 212 s.